000 00673nam a2200181Ia 4500
003 GCL
008 140319s9999 xx 000 0 ara d
040 _aGCL /
_cGCL
082 0 4 _a395
_bع د
100 1 _aعايدة احمد الرواجبة
245 1 0 _aتعلم اتيكيت الحديث وكيف تتعامل مع الناس /
_cعايدة احمد الرواجبة
260 _a[S.N] :
_bدار ابن زيدون للطباعة والنشر والتوزيع ،
_c1996
300 _a118 ص
490 _aالهيئة العامة للاستعلامات
_v0
650 0 4 _aاداب السلوك
650 0 4 _aالعادات الاجتماعية
942 _2ddc
_cBK
999 _c36342
_d36342